书目信息 |
| 题名: |
汉语诗律学
|
|
| 作者: | 王力 著 | |
| 分册: | ||
| 出版信息: | 上海 上海教育出版社 2002 |
|
| 页数: | 1015页 | |
| 开本: | 21cm | |
| 丛书名: | 世纪文库 | |
| 单 册: | ||
| 中图分类: | I207.21 | |
| 科图分类: | ||
| 主题词: | 诗词格律--概论--中国 | |
| 电子资源: | ||
| ISBN: | 7-5320-8325-X | |
| 000 | 00678nam0 2200265 45 | |
| 001 | 0179001782 | |
| 005 | 20060626165508.85 | |
| 010 | @a7-5320-8325-X@dCNY61.50 | |
| 100 | @a19950718d2002 em y0chiy0121 ea | |
| 101 | 0 | @achi |
| 102 | @aCN@b310000 | |
| 102 | @aCN@b310000 | |
| 105 | @ay z 000zy | |
| 106 | @ar | |
| 200 | 10 | @a汉语诗律学@Ahan yu shi lv xue@f王力著 |
| 205 | @a新2版(增订本) | |
| 210 | @a上海@c上海教育出版社@d2002 | |
| 215 | @a1015页@d21cm | |
| 225 | 2 | @a世纪文库@h第二辑 |
| 410 | 0 | @12001 @a世纪文库 |
| 606 | @a诗词格律@x概论@y中国 | |
| 690 | @aI207.21@v3 | |
| 701 | 0 | @a王力@Awang li@4著 |
| 801 | 0 | @aCN@bNLC@c20060626 |
| 905 | @dI207.21@e100=3 | |
| 汉语诗律学/王力著.-新2版(增订本).-上海:上海教育出版社,2002 |
| 1015页;21cm.-(世纪文库.第二辑) |
| ISBN 7-5320-8325-X:CNY61.50 |
| ● |
| 相关链接 |
|
|
|
|
正题名:汉语诗律学
索取号:I207.21/100=3
 
预约/预借
| 序号 | 登录号 | 条形码 | 馆藏地/架位号 | 状态 | 备注 |
| 1 | 0358849 | 3588497 | 第二借阅区/ [索取号:I207.21/100=3] | 在馆 |